Most Popular Sports in the US - Statistics

General Stats
  • This quiz has been taken 78 times
  • The average score is 10 of 15
Answer Stats
No Answer % Correct
2 Basketball
100%
1 American Football
99%
5 Soccer
99%
3 Baseball
97%
4 Ice Hockey
89%
6 Tennis
84%
7 Swimming
75%
8 Golf
68%
12 Volleyball
64%
14 Rugby
63%
15 Lacrosse
45%
9 Wrestling
41%
11 Badminton
33%
13 Ultimate Frisbee
4%
10 Motor Games
3%
No matching quizzes found
Score Distribution
Percent of People with Each Score
Percentile by Number Answered
Your Score History
You have not taken this quiz